[Event "AUTO-OPEN-4322"]
[Site "http://www.queenalice.com/game.php?id=1774592"]
[Date "2021.11.11"]
[Round "1"]
[White "Ditto"]
[Black "Telex_Mweene"]
[Result "0-1"]
[WhiteElo "1645"]
[BlackElo "2146"]

1. e4 c5 2. Bc4 Nc6 3. d3 Nf6 4. c3 e5 5. Nf3 h6 6. O-O Be7 7. Qb3 O-O 8. Nh4
Na5 9. Qa4 Nxc4 10. Qxc4 d5 11. exd5 Nxd5 12. Nf3 Qd6 13. Nbd2 Nf6 14. Re1 Be6
15. Qa4 Nd7 16. Ne4 Qc7 17. Qc2 b6 18. b3 a5 19. Be3 Rfe8 20. Ng3 Nf6 21. Bd2
Bd6 22. c4 Bd7 23. Ne4 Nxe4 24. dxe4 Qd8 25. Qd3 Bc7 26. Qe2 Bg4 27. Qe3 Bxf3
28. Qxf3 Qxd2 29. Red1 Qg5 30. Rd7 Re7 31. Rd5 a4 32. bxa4 Rxa4 33. Qe2 Re8 34.
Qc2 Rea8 35. Rd7 Rxa2 36. Rxa2 Rxa2 37. Qb1 Qf4 38. Rxc7 Qxf2+ 39. Kh1 Qxg2# 0-1

[Event "AUTO-OPEN-4322"]
[Site "http://www.queenalice.com/game.php?id=1774593"]
[Date "2021.11.11"]
[Round "1"]
[White "Telex_Mweene"]
[Black "Ditto"]
[Result "1-0"]
[WhiteElo "2138"]
[BlackElo "1528"]

1. d4 d5 2. c4 c6 3. Nc3 Bf5 4. e3 e6 5. Nf3 Bb4 6. Bd2 Nd7 7. cxd5 cxd5 8. Bb5
a6 9. Bxd7+ Qxd7 10. Ne5 Qe7 11. Qa4+ Kd8 12. a3 Bxc3 13. Bxc3 f6 14. Ba5+ Kc8
15. Rc1+ Kb8 16. Nd7+ 1-0

[Event "AUTO-OPEN-4322"]
[Site "http://www.queenalice.com/game.php?id=1774607"]
[Date "2021.11.11"]
[Round "1"]
[White "DAlessandro"]
[Black "Telex_Mweene"]
[Result "0-1"]
[WhiteElo "1837"]
[BlackElo "2118"]

1. c4 Nf6 2. Nc3 e5 3. d3 Nc6 4. e3 d6 5. Nf3 h6 6. Bd2 Be6 7. Be2 Be7 8. a3 a6
9. O-O O-O 10. b4 b6 11. e4 Na7 12. Re1 c6 13. Bf1 Nh7 14. Na4 Qc7 15. Rc1 Qb8
16. Be3 c5 17. Qb3 b5 18. Nc3 bxc4 19. dxc4 Nc6 20. b5 axb5 21. Qxb5 Qc7 22. Qb2
Rfb8 23. Qa2 Qd7 24. a4 Na5 25. Nb5 Nc6 26. Red1 Rxb5 27. Qc2 Rba5 28. Ra1 Nb4
29. Qc3 Qc6 0-1

[Event "AUTO-MASTER-3078"]
[Site "http://www.queenalice.com/game.php?id=1777049"]
[Date "2021.12.12"]
[Round "1"]
[White "Ron39"]
[Black "Telex_Mweene"]
[Result "1-0"]
[WhiteElo "2218"]
[BlackElo "2146"]

1. e4 c5 2. Nf3 d6 3. g3 Nf6 4. Nc3 e5 5. Bg2 Nbd7 6. O-O Be7 7. d3 O-O 8. Nh4
g6 9. f4 exf4 10. Bxf4 Re8 11. Nf3 Bf8 12. Qd2 a6 13. Bg5 Bg7 14. Nd5 Nb6 15.
Nxf6+ Bxf6 16. Bxf6 Qxf6 17. c3 Qd8 18. Qh6 f6 19. Rf2 Rf8 20. Raf1 Nd7 21. d4
cxd4 22. cxd4 Rb8 23. e5 dxe5 24. Ng5 Qe7 25. Bd5+ Kh8 26. dxe5 Nxe5 27. Nxh7
Ng4 28. Qxf8+ Qxf8 29. Nxf8 Nxf2 30. Rxf2 Kg7 31. Ne6+ Bxe6 32. Bxe6 a5 33. Rc2
f5 34. Rc8 Rxc8 35. Bxc8 b5 36. Kf2 1-0

[Event "AUTO-MASTER-3078"]
[Site "http://www.queenalice.com/game.php?id=1777050"]
[Date "2021.12.12"]
[Round "1"]
[White "Telex_Mweene"]
[Black "Ron39"]
[Result "1-0"]
[WhiteElo "2060"]
[BlackElo "2199"]

1. d4 Nf6 2. c4 e5 3. d5 Bc5 4. Nc3 O-O 5. e4 c6 6. a3 a5 7. Be2 Qb6 8. Nh3 d6
9. Na4 Qa7 10. Nxc5 Qxc5 11. Be3 Qxe3 12. fxe3 Bxh3 13. gxh3 1-0

[Event "AUTO-MASTER-3078"]
[Site "http://www.queenalice.com/game.php?id=1777057"]
[Date "2021.12.12"]
[Round "1"]
[White "tariann"]
[Black "Telex_Mweene"]
[Result "1-0"]
[WhiteElo "2214"]
[BlackElo "2109"]

1. e4 c5 2. Nf3 d6 3. d4 cxd4 4. Nxd4 Nf6 5. Nc3 a6 6. Be2 e5 7. Nb3 Be7 8. O-O
O-O 9. Bg5 Nbd7 10. Qd2 b6 11. Rfd1 Bb7 12. f3 Rc8 13. Kh1 Ne8 14. Be3 f5 15.
exf5 Rxf5 16. Bd3 Rf8 17. Qe2 d5 18. Bxa6 Bxa6 19. Qxa6 d4 20. Nd5 Nc7 21. Nxe7+
Qxe7 22. Qd3 dxe3 23. Qxd7 Qxd7 24. Rxd7 Rfd8 25. Rdd1 Rxd1+ 26. Rxd1 e2 27. Re1
Rd8 28. Kg1 Rd1 29. Kf2 1-0

[Event "AUTO-MASTER-3078"]
[Site "http://www.queenalice.com/game.php?id=1777058"]
[Date "2021.12.12"]
[Round "1"]
[White "Telex_Mweene"]
[Black "tariann"]
[Result "0-1"]
[WhiteElo "2090"]
[BlackElo "2192"]

1. d4 d5 2. c4 e6 3. Nf3 Nf6 4. Nc3 c5 5. cxd5 Nxd5 6. e4 Nxc3 7. bxc3 cxd4 8.
cxd4 Bb4+ 9. Bd2 Qa5 10. Be2 Nc6 11. O-O Bxd2 12. Nxd2 Nxd4 13. Nc4 Nxe2+ 14.
Qxe2 Qc7 15. e5 O-O 16. Rac1 Qe7 17. Rc2 Bd7 18. Rb1 Bc6 19. Na5 Rab8 20. Qe1
Bd5 21. Rbc1 Qg5 22. g3 Qg4 23. Nc4 Qf3 0-1

[Event "Let's Play Chess!"]
[Site "http://www.queenalice.com/game.php?id=1777885"]
[Date "2021.12.22"]
[Round "-"]
[White "Telex_Mweene"]
[Black "ulisses34"]
[Result "1-0"]
[WhiteElo "2146"]
[BlackElo "1714"]

1. d4 d5 2. c4 e6 3. Nc3 dxc4 4. e3 Bd7 5. Bxc4 Bc6 6. Nf3 Bd6 7. e4 Bb4 8. d5
exd5 9. exd5 Bxc3+ 10. bxc3 Qe7+ 11. Be3 Bd7 12. O-O Nf6 13. Re1 O-O 14. Bd4 Qd6
15. a4 c5 16. dxc6 Qxc6 17. Qb3 Na6 18. Ne5 Qd6 19. Nxf7 Rxf7 20. Bxf7+ Kf8 21.
Bxf6 Qxf6 22. Qxb7 Qc6 23. Bd5 Qxb7 24. Bxb7 Nc7 25. Bxa8 Nxa8 26. Rad1 Nb6 27.
a5 1-0

[Event "AUTO-MASTER-3090"]
[Site "http://www.queenalice.com/game.php?id=1782406"]
[Date "2022.2.8"]
[Round "1"]
[White "tucuman"]
[Black "Telex_Mweene"]
[Result "0-1"]
[WhiteElo "2215"]
[BlackElo "2164"]

1. d4 Nf6 2. Nc3 d5 3. Bf4 a6 4. e3 e6 5. Nf3 b5 6. a3 Be7 7. Bd3 O-O 8. O-O Nc6
9. e4 dxe4 10. Bxe4 Nxe4 11. Nxe4 a5 12. c3 a4 13. Ne5 Bb7 14. Qf3 Na5 15. Qe3
Qd5 16. f3 Qd8 17. Bg3 Qc8 18. Qf4 Nb3 19. Rad1 f6 20. Nd3 Bxe4 21. fxe4 c6 0-1

[Event "AUTO-MASTER-3090"]
[Site "http://www.queenalice.com/game.php?id=1782407"]
[Date "2022.2.8"]
[Round "1"]
[White "Telex_Mweene"]
[Black "tucuman"]
[Result "1-0"]
[WhiteElo "2140"]
[BlackElo "2215"]

1. d4 d5 2. c4 e6 3. Nc3 Nf6 4. Nf3 dxc4 5. e3 Bb4 6. Bxc4 Bxc3+ 7. bxc3 Nc6 8.
Ba3 Bd7 9. O-O Ne7 10. Re1 O-O 11. e4 h6 12. d5 exd5 13. exd5 Re8 14. Ne5 Rf8
15. Nxd7 Nxd7 16. Bxe7 Qc8 17. Bxf8 Qxf8 18. Qg4 Nf6 19. Qf5 Qc5 20. Qd3 Ng4 21.
Qd4 Qxd4 22. cxd4 a6 23. Re7 Rc8 24. d6 1-0

[Event "AUTO-MASTER-3090"]
[Site "http://www.queenalice.com/game.php?id=1782422"]
[Date "2022.2.8"]
[Round "1"]
[White "jlpbarreto"]
[Black "Telex_Mweene"]
[Result "1-0"]
[WhiteElo "2166"]
[BlackElo "2165"]

1. e4 c5 2. c3 d6 3. d4 Nf6 4. dxc5 Nc6 5. Bc4 Nxe4 6. Bxf7+ Kxf7 7. Qd5+ e6 8.
Qxe4 d5 9. Qe2 Bxc5 10. Nf3 Be7 11. O-O Rf8 12. Bf4 Kg8 13. Bg3 Bf6 14. Nbd2 a6
15. Rae1 b5 16. Ne5 Ne7 17. Ndf3 Nf5 18. Bf4 Qb6 19. Bg5 a5 20. Bxf6 1-0

[Event "AUTO-MASTER-3090"]
[Site "http://www.queenalice.com/game.php?id=1782423"]
[Date "2022.2.8"]
[Round "1"]
[White "Telex_Mweene"]
[Black "jlpbarreto"]
[Result "0-1"]
[WhiteElo "2178"]
[BlackElo "2153"]

1. d4 Nf6 2. c4 e6 3. Nf3 d5 4. Nc3 Be7 5. cxd5 exd5 6. e3 Nc6 7. a3 O-O 8. Bd3
a6 9. O-O Bg4 10. Be2 Na7 11. Ne5 Bxe2 12. Qxe2 Re8 13. b4 Nc6 14. Nxc6 bxc6 15.
Na4 Nd7 16. Bd2 Bf6 17. Qd3 Re6 18. Rfc1 Qb8 19. Nc5 Nxc5 0-1

[Event "AUTO-MASTER-3090"]
[Site "http://www.queenalice.com/game.php?id=1782432"]
[Date "2022.2.8"]
[Round "1"]
[White "Mistakesrme"]
[Black "Telex_Mweene"]
[Result "1-0"]
[WhiteElo "2243"]
[BlackElo "2208"]

1. c4 Nf6 2. g3 e5 3. Bg2 d5 4. cxd5 Nxd5 5. Nc3 Nb6 6. Nf3 Nc6 7. O-O Be7 8. a3
O-O 9. b4 a6 10. d3 Nd7 11. Nd5 h6 12. Bb2 Bd6 13. Rc1 Ne7 14. Ne3 Rb8 15. Nc4
Ng6 16. e4 Re8 17. Re1 Bf8 18. Qc2 c6 19. d4 exd4 20. Bxd4 c5 21. bxc5 Bxc5 22.
Red1 Bxd4 23. Rxd4 Qc7 24. Qd2 Nc5 25. Qe3 b6 26. Nd6 Rd8 27. Rcd1 Bg4 28. h3
Bxf3 29. Bxf3 Ne5 30. Be2 Rd7 31. f4 Nc6 32. R4d2 Re7 33. e5 1-0

[Event "AUTO-MASTER-3090"]
[Site "http://www.queenalice.com/game.php?id=1782433"]
[Date "2022.2.8"]
[Round "1"]
[White "Telex_Mweene"]
[Black "Mistakesrme"]
[Result "0-1"]
[WhiteElo "2197"]
[BlackElo "2250"]

1. d4 e6 2. c4 f5 3. g3 Nf6 4. Bg2 Be7 5. Nf3 O-O 6. O-O d6 7. Ng5 h6 8. Nxe6
Bxe6 9. Bxb7 Nbd7 10. Bxa8 Qxa8 11. d5 Bf7 12. Nc3 a5 13. a4 Nc5 14. f3 Nfd7 15.
b3 Bf6 16. Bd2 c6 17. dxc6 Qxc6 18. Rb1 Na6 19. Qc2 Be6 20. Na2 Bd8 21. Bc3 Bb6+
22. Kg2 Ne5 23. Qb2 Nc5 24. Bxe5 dxe5 25. Qxe5 Bc7 26. Qd4 Rd8 27. Qb2 f4 28.
Rfd1 Re8 29. Nc3 Be5 30. Qc2 Bc8 31. Nd5 fxg3 32. hxg3 Qe6 33. Rh1 Bd4 34. e4
Rf8 35. Qd2 Be5 0-1

[Event "AUTO-MASTER-3093"]
[Site "http://www.queenalice.com/game.php?id=1783356"]
[Date "2022.2.23"]
[Round "1"]
[White "Artking"]
[Black "Telex_Mweene"]
[Result "0-1"]
[WhiteElo "1996"]
[BlackElo "2185"]

1. e4 c5 2. Nf3 d6 3. d4 cxd4 4. Nxd4 Nf6 5. Nc3 a6 6. Bg5 Nbd7 7. Bc4 Qa5 8.
Bd2 Qc5 9. Qe2 Qxd4 10. Be3 Qe5 11. f4 Qa5 12. O-O Qc7 13. Bb3 Nc5 14. Bxc5
Qxc5+ 15. Kh1 e6 16. Rad1 Be7 17. a4 O-O 18. f5 Bd8 19. fxe6 Bxe6 20. Nd5 Nxd5
21. Bxd5 Bxd5 22. Rxd5 Qc7 23. Rfd1 Be7 24. e5 Rad8 25. e6 fxe6 26. Qxe6+ Kh8
27. c3 Qc4 28. Qxe7 Qf1+ 0-1

[Event "AUTO-MASTER-3093"]
[Site "http://www.queenalice.com/game.php?id=1783357"]
[Date "2022.2.23"]
[Round "1"]
[White "Telex_Mweene"]
[Black "Artking"]
[Result "1-0"]
[WhiteElo "2195"]
[BlackElo "1960"]

1. d4 Nf6 2. c4 g6 3. Nc3 Bg7 4. e4 d6 5. Be2 c6 6. d5 e5 7. Bg5 c5 8. Nf3 Nbd7
9. O-O a6 10. a4 O-O 11. Qd2 Qe8 12. Bh6 Nh5 13. Bxg7 Kxg7 14. g3 f5 15. exf5
gxf5 16. Nh4 Ndf6 17. Nd1 f4 18. gxf4 Nxf4 19. Bf3 Nh3+ 20. Kh1 e4 21. Bg2 Qh5
22. Bxh3 Bxh3 23. Rg1+ Kh8 24. Ng2 Rg8 25. Ra3 Raf8 26. Rg3 Qf3 27. Rxf3 1-0

[Event "AUTO-MASTER-3093"]
[Site "http://www.queenalice.com/game.php?id=1783372"]
[Date "2022.2.23"]
[Round "1"]
[White "Pin"]
[Black "Telex_Mweene"]
[Result "0-1"]
[WhiteElo "2018"]
[BlackElo "2202"]

1. e4 c5 2. Nf3 d6 3. d4 cxd4 4. Nxd4 Nf6 5. Nc3 a6 6. Bg5 Nbd7 7. f4 Qc7 8. Qf3
b5 9. O-O-O Bb7 10. Kb1 b4 11. Nd5 Nxd5 12. exd5 g6 13. f5 Bg7 14. Bd3 Bxd4 15.
Bh6 Ne5 16. Qe4 Nxd3 17. Rxd3 Be5 18. fxg6 hxg6 19. Bg5 a5 20. h4 Rc8 21. Rd2 f5
22. Qe2 Qd7 23. h5 gxh5 24. Rxh5 Rxh5 25. Qxh5+ Kd8 26. Be3 Kc7 27. Qh4 Kb8 28.
Bg1 f4 29. Qf2 Rc5 30. Qf3 Rb5 31. Qf2 Bxd5 0-1

[Event "AUTO-MASTER-3093"]
[Site "http://www.queenalice.com/game.php?id=1783373"]
[Date "2022.2.23"]
[Round "1"]
[White "Telex_Mweene"]
[Black "Pin"]
[Result "1/2-1/2"]
[WhiteElo "2211"]
[BlackElo "2123"]

1. d4 d5 2. c4 e6 3. Nc3 Nf6 4. Nf3 Be7 5. cxd5 exd5 6. e3 O-O 7. Be2 Bf5 8. O-O
c6 9. a3 Nbd7 10. Ne5 Nxe5 11. dxe5 Nd7 12. f4 f6 13. g4 Bg6 14. f5 Be8 15. e6
Ne5 16. b4 a6 17. Ra2 a5 18. bxa5 Rxa5 19. Rf4 Bd6 20. Rd4 Bc5 21. Ra4 b6 22.
Rxa5 bxa5 23. Na4 Bd6 24. Rd2 Qa8 25. Bb2 Qa7 26. Bd4 c5 27. Bxe5 Bxe5 28. Rxd5
Bc6 29. Rd2 Qc7 30. Bc4 Kh8 31. Nxc5 h6 32. Qe2 Bd6 33. Na6 Qe7 34. a4 Bxa4 35.
Bb5 Bxb5 36. Qxb5 Ra8 37. Qxa5 Be5 38. Rd7 Qe8 39. Qb5 Qc8 40. Nc5 Ra1+ 41. Kg2
Qa8+ 42. Rb7 Qa2+ 43. Kf3 Qd5+ 44. Ne4 Qd1+ 45. Qe2 Qh1+ 46. Qg2 Qd1+ 47. Qe2
Qh1+ 48. Qg2 Qd1+ 49. Qe2 1/2-1/2

[Event "AUTO-MASTER-3093"]
[Site "http://www.queenalice.com/game.php?id=1783384"]
[Date "2022.2.23"]
[Round "1"]
[White "Telex_Mweene"]
[Black "CCapivara"]
[Result "1-0"]
[WhiteElo "2127"]
[BlackElo "2243"]

1. c4 e5 2. Nc3 f5 3. d4 exd4 4. Qxd4 Nc6 5. Qe3+ Be7 6. Nd5 d6 7. b3 Kf7 8. Nf3
h6 9. Bb2 Nf6 10. Qc3 Be6 11. Nxe7 Qxe7 12. e3 Rhe8 13. Bd3 Kg8 14. Nd2 Ne5 15.
Bc2 f4 16. exf4 Neg4 17. O-O Nh5 18. g3 Bd7 19. Bg6 Nxf4 20. gxf4 Qh4 21. Qxg7#
1-0

[Event "AUTO-MASTER-3093"]
[Site "http://www.queenalice.com/game.php?id=1783385"]
[Date "2022.2.23"]
[Round "1"]
[White "CCapivara"]
[Black "Telex_Mweene"]
[Result "1-0"]
[WhiteElo "2265"]
[BlackElo "2156"]

1. e4 c5 2. Nf3 d6 3. d4 cxd4 4. Nxd4 Nf6 5. Nc3 a6 6. Be2 e5 7. Nb3 Be7 8. O-O
O-O 9. f4 b5 10. fxe5 Qb6+ 11. Kh1 dxe5 12. Bg5 b4 13. Bxf6 Bxf6 14. Nd5 Qb7 15.
Bg4 Bd8 16. Bxc8 Qxc8 17. Nxb4 Nd7 18. Nd5 Nc5 19. Nxc5 Qxc5 20. c3 Qc8 21. Qh5
Qe6 22. Rf3 Ra7 23. Raf1 f6 24. Rh3 g6 25. Qe2 f5 26. Qe3 Raf7 27. Rhf3 f4 28.
Qc5 g5 29. Rh3 g4 30. Rh5 Rf5 31. Rxf5 1-0